[Event "Kandidatklassen"]
[Site "Ringsted"]
[Date "1995.04.14"]
[Round "4"]
[White "Matthiesen, Arne"]
[Black "Jorgensen, Michael"]
[Result "1-0"]
[WhiteElo "2147"]
[BlackElo "2243"]
[PlyCount "87"]
[EventDate "1995.??.??"]
[EventType "swiss"]
[EventRounds "7"]
[EventCountry "DEN"]

1. d4 f5 2. Nc3 d5 3. Bg5 c6 4. e3 g6 5. h4 Bg7 6. Bd3 Nf6 7. Bxf6 Bxf6 8. Nce2
Nd7 9. f4 Qb6 10. Qc1 Nf8 11. Nf3 Be6 12. Ne5 O-O-O 13. c3 c5 14. b4 cxd4 15.
cxd4+ Kb8 16. Qd2 Bxe5 17. fxe5 f4 18. Nxf4 Bf5 19. O-O Ne6 20. Nxe6 Qxe6 21.
Rac1 Rhg8 22. a4 h5 23. b5 Bxd3 24. Qxd3 g5 25. Qf5 Qh6 26. hxg5 Rxg5 27. Qf4
Rdg8 28. Rf2 e6 29. Qf7 Rxg2+ 30. Rxg2 Qxe3+ 31. Kh2 Rxg2+ 32. Kxg2 Qxc1 33.
Qe8+ Qc8 34. Qxc8+ Kxc8 35. Kh3 Kc7 36. Kh4 Kb6 37. Kxh5 Ka5 38. Kg6 Kxa4 39.
Kf6 Kxb5 40. Kxe6 a5 41. Kf7 a4 42. e6 a3 43. e7 a2 44. e8=Q+ 1-0

[Event "Kandidatklassen"]
[Site "Ringsted"]
[Date "1995.04.14"]
[Round "4"]
[White "Molvig, Henrik"]
[Black "Hansen, Lars"]
[Result "0-1"]
[WhiteElo "2244"]
[BlackElo "2217"]
[PlyCount "44"]
[EventDate "1995.??.??"]
[EventType "swiss"]
[EventRounds "7"]
[EventCountry "DEN"]

1. e4 e5 2. Nf3 d6 3. d4 exd4 4. Nxd4 g6 5. Nc3 Bg7 6. Be3 Nf6 7. f3 O-O 8. Qd2
Re8 9. O-O-O Nc6 10. g4 Ne5 11. Be2 a6 12. Bh6 Bh8 13. Rhg1 b5 14. Nf5 b4 15.
Nd5 Nxd5 16. Qxd5 Be6 17. Qa5 Qf6 18. g5 Nd3+ 19. Rxd3 Qxb2+ 20. Kd2 gxf5 21.
exf5 Bc3+ 22. Rxc3 Qxc3+ 0-1

[Event "Kandidatklassen"]
[Site "Ringsted"]
[Date "1995.04.14"]
[Round "4"]
[White "Nielsen, Max"]
[Black "Jensen, Allan Astrup"]
[Result "1/2-1/2"]
[WhiteElo "2143"]
[BlackElo "2055"]
[PlyCount "49"]
[EventDate "1995.??.??"]
[EventType "swiss"]
[EventRounds "7"]
[EventCountry "DEN"]

1. e4 e5 2. f4 d5 3. exd5 e4 4. d3 Nf6 5. dxe4 Nxe4 6. Nf3 Bc5 7. Qe2 Qe7 8.
Be3 Bd6 9. Nbd2 O-O 10. O-O-O Bg4 11. Nxe4 Qxe4 12. h3 Bxf4 13. Bxf4 Qxf4+ 14.
Qd2 Qxd2+ 15. Rxd2 Bxf3 16. gxf3 Nd7 17. Bb5 Ne5 18. Rf1 a6 19. Ba4 Nc4 20. Rd4
Nb6 21. Bb3 Rad8 22. Re1 c5 23. Rde4 Nc8 24. c4 g6 25. a4 1/2-1/2

[Event "Kandidatklassen"]
[Site "Ringsted"]
[Date "1995.04.14"]
[Round "4"]
[White "Pedersen, Jan"]
[Black "Nielsen, Carsten"]
[Result "1-0"]
[WhiteElo "2310"]
[BlackElo "2181"]
[PlyCount "95"]
[EventDate "1995.??.??"]
[EventType "swiss"]
[EventRounds "7"]
[EventCountry "DEN"]

1. e4 c6 2. d4 d5 3. exd5 cxd5 4. c3 Nf6 5. Nf3 Nc6 6. Bf4 e6 7. Bd3 Bd6 8. Bg3
O-O 9. Nbd2 a6 10. Ne5 Qc7 11. Qe2 b5 12. O-O Bb7 13. a3 Rae8 14. Rfe1 Nd7 15.
Rad1 Re7 16. Qh5 g6 17. Qh4 f6 18. Nxc6 Bxc6 19. Bxd6 Qxd6 20. f4 a5 21. b4 Nb6
22. Nb3 axb4 23. axb4 Na4 24. Rc1 Nb2 25. Nc5 e5 26. fxe5 fxe5 27. Qg3 Rfe8 28.
Re2 Na4 29. Nxa4 bxa4 30. Rce1 a3 31. dxe5 Qd8 32. Ra1 Qa8 33. Qf4 Qb8 34. Rxa3
Rxe5 35. Rxe5 Rxe5 36. Qf2 Qe8 37. Ra1 Re3 38. Qd2 Qe5 39. Rc1 Qg5 40. Bf1 Qe5
41. Qd4 Qe6 42. Ra1 Re4 43. Qc5 Rf4 44. h3 Kg7 45. b5 Bd7 46. b6 d4 47. b7 Qe3+
48. Kh2 1-0

[Event "Kandidatklassen"]
[Site "Ringsted"]
[Date "1995.04.14"]
[Round "4"]
[White "Rewitz, Poul"]
[Black "Hartvig, Ove Weiss"]
[Result "0-1"]
[WhiteElo "2358"]
[BlackElo "2205"]
[PlyCount "114"]
[EventDate "1995.??.??"]
[EventType "swiss"]
[EventRounds "7"]
[EventCountry "DEN"]

1. d4 Nf6 2. Nc3 d5 3. Bg5 Nbd7 4. Qd2 e6 5. e3 Be7 6. Nf3 c5 7. Ne5 Nxe5 8.
dxe5 Nd7 9. Bxe7 Qxe7 10. f4 f6 11. exf6 Nxf6 12. O-O-O Bd7 13. Rg1 O-O-O 14.
g4 Bc6 15. g5 Ne8 16. Nb5 Kb8 17. Qc3 a6 18. Qe5+ Ka8 19. Nc3 Qd6 20. Ne4 Qxe5
21. fxe5 b6 22. Bh3 Rb8 23. Ng3 Nc7 24. Rgf1 Be8 25. Rf2 h6 26. gxh6 Rxh6 27.
Bg4 Bg6 28. h3 Kb7 29. Rdf1 Re8 30. Kd2 Kc6 31. Rf4 Kd7 32. h4 Reh8 33. h5 Be8
34. c3 g6 35. hxg6 Rxg6 36. Nh5 Rg5 37. Nf6+ Ke7 38. Nxe8 Rxe8 39. Rh1 Rxe5 40.
Rh7+ Kd6 41. Rff7 Rg5 42. Rd7+ Ke5 43. Bh5 Rg2+ 44. Ke1 Reg8 45. Rxc7 Rg1+ 46.
Kf2 R8g2+ 47. Kf3 Rg3+ 48. Kf2 R1g2+ 49. Ke1 Rxe3+ 50. Kd1 Rxb2 51. Bg4 Rg3 52.
Kc1 Rxa2 53. Bd1 Rg1 54. Rc6 Ra1+ 55. Kb2 Raxd1 56. Rh5+ Kf4 57. Rh2 Rb1+ 0-1

[Event "Kandidatklassen"]
[Site "Ringsted"]
[Date "1995.04.14"]
[Round "4"]
[White "Strange, Mikkel"]
[Black "Christensen, Tobias"]
[Result "1/2-1/2"]
[WhiteElo "2204"]
[BlackElo "2363"]
[PlyCount "76"]
[EventDate "1995.??.??"]
[EventType "swiss"]
[EventRounds "7"]
[EventCountry "DEN"]

1. e4 c5 2. Nf3 Nc6 3. d4 cxd4 4. Nxd4 e5 5. Nb5 d6 6. N1c3 a6 7. Na3 b5 8. Nd5
Nf6 9. Bg5 Be7 10. Bxf6 Bxf6 11. c3 Ne7 12. Nxf6+ gxf6 13. Qd2 f5 14. f4 fxe4
15. O-O-O Qb6 16. Nc2 O-O 17. fxe5 dxe5 18. Qg5+ Ng6 19. h4 Qf2 20. h5 Qf4+ 21.
Qxf4 Nxf4 22. g3 Ne6 23. Bg2 Ng5 24. Rhe1 Bg4 25. Rd5 f6 26. h6 Kf7 27. Rc5
Rac8 28. Rxc8 Bxc8 29. Bxe4 Nxe4 30. Rxe4 Rg8 31. a4 bxa4 32. Rxa4 Rxg3 33. Rc4
Rg8 34. Rc6 Rg1+ 35. Kd2 Rg2+ 36. Kc1 Rg1+ 37. Kd2 Rg2+ 38. Kc1 Rg1+ 1/2-1/2

[Event "Kandidatklassen"]
[Site "Ringsted"]
[Date "1995.04.15"]
[Round "5"]
[White "Andersen, Frank"]
[Black "Strange, Mikkel"]
[Result "1/2-1/2"]
[WhiteElo "2193"]
[BlackElo "2204"]
[PlyCount "83"]
[EventDate "1995.??.??"]
[EventType "swiss"]
[EventRounds "7"]
[EventCountry "DEN"]

1. Nf3 f5 2. c4 Nf6 3. g3 g6 4. Bg2 Bg7 5. O-O O-O 6. Nc3 d6 7. d3 e5 8. e4 Nc6
9. Rb1 h6 10. Nh4 Kh7 11. exf5 gxf5 12. f4 exf4 13. Rxf4 Ng4 14. d4 Bf6 15.
Rxg4 fxg4 16. Qd3+ Kh8 17. Bxh6 Bxh4 18. gxh4 Bf5 19. Ne4 Qxh4 20. Bxf8 Bxe4
21. Qxe4 Rxf8 22. Kh1 Qg5 23. Rg1 Rf4 24. Qe8+ Qg8 25. Qe3 Qf8 26. h3 Nxd4 27.
Bxb7 c5 28. Rxg4 Rxg4 29. hxg4 Qf1+ 30. Kh2 Qxc4 31. Qh6+ Kg8 32. Qg6+ Kh8 33.
Be4 Qe2+ 34. Kh3 Qf1+ 35. Kh4 Qf2+ 36. Kg5 Nf3+ 37. Bxf3 Qe3+ 38. Kh5 Qxf3 39.
Qe8+ Kg7 40. Qg6+ Kh8 41. Qe8+ Kg7 42. Qg6+ 1/2-1/2

[Event "Kandidatklassen"]
[Site "Ringsted"]
[Date "1995.04.15"]
[Round "5"]
[White "Bank, Pelle Rodkjaer"]
[Black "Petersen, Steen"]
[Result "1-0"]
[WhiteElo "2315"]
[BlackElo "2016"]
[PlyCount "35"]
[EventDate "1995.??.??"]
[EventType "swiss"]
[EventRounds "7"]
[EventCountry "DEN"]

1. e4 c5 2. Nc3 e6 3. Nf3 Nc6 4. Bb5 Qc7 5. O-O a6 6. Bxc6 Qxc6 7. d4 cxd4 8.
Qxd4 Ne7 9. a4 Qc7 10. Re1 Nc6 11. Nd5 Qa5 12. Qc4 Ne5 13. Nc7+ Kd8 14. Bg5+ f6
15. Nxe5 Qxe5 16. Nxa8 fxg5 17. Nb6 Qc5 18. a5 1-0

[Event "Kandidatklassen"]
[Site "Ringsted"]
[Date "1995.04.15"]
[Round "5"]
[White "Brinck Claussen, Bjorn"]
[Black "Matthiesen, Arne"]
[Result "1/2-1/2"]
[WhiteElo "2362"]
[BlackElo "2147"]
[PlyCount "67"]
[EventDate "1995.??.??"]
[EventType "swiss"]
[EventRounds "7"]
[EventCountry "DEN"]

1. e4 d5 2. exd5 Qxd5 3. Nc3 Qa5 4. d4 Nf6 5. Bc4 Bf5 6. Bd2 c6 7. Nd5 Qd8 8.
Nxf6+ gxf6 9. Bf4 e6 10. Nf3 Nd7 11. Qe2 Nb6 12. Bb3 Nd5 13. Bg3 Bh6 14. Nh4
Qa5+ 15. Kf1 Bg6 16. Qf3 Bg7 17. Kg1 O-O 18. Nxg6 hxg6 19. c4 Ne7 20. Bd6 Qd8
21. Bxe7 Qxe7 22. h4 f5 23. Rd1 Rfd8 24. d5 e5 25. h5 c5 26. d6 Rxd6 27. Rxd6
Qxd6 28. hxg6 Qxg6 29. Qxb7 Rd8 30. Qe7 Qd6 31. Qh4 Qf6 32. Qxf6 Bxf6 33. Rh5
Rd2 34. Rxf5 1/2-1/2

[Event "Kandidatklassen"]
[Site "Ringsted"]
[Date "1995.04.15"]
[Round "5"]
[White "Christensen, Lasse"]
[Black "Pedersen, Jan"]
[Result "0-1"]
[WhiteElo "2251"]
[BlackElo "2310"]
[PlyCount "92"]
[EventDate "1995.??.??"]
[EventType "swiss"]
[EventRounds "7"]
[EventCountry "DEN"]

1. d4 Nf6 2. c4 g6 3. Nc3 Bg7 4. e4 d6 5. f3 O-O 6. Be3 e5 7. d5 Nh5 8. Qd2
Qh4+ 9. Bf2 Qe7 10. O-O-O f5 11. g3 Nd7 12. Bd3 Nc5 13. Bc2 b6 14. Be3 a5 15.
Nge2 fxe4 16. fxe4 Bh3 17. Ng1 Bg4 18. Re1 Rf7 19. Bd1 Qd7 20. Bxg4 Qxg4 21.
Qe2 Nf6 22. Qxg4 Nxg4 23. Bxc5 bxc5 24. Nh3 Bh6+ 25. Kc2 Rf3 26. b3 a4 27. Re2
Ne3+ 28. Kb2 a3+ 29. Kb1 Nxc4 30. Nb5 Nd2+ 31. Kc2 Rb8 32. Nxa3 Ra8 33. Kb2 c4
34. Nxc4 Nxc4+ 35. bxc4 Be3 36. Rb1 Bd4+ 37. Kc2 Rxa2+ 38. Kd1 Rf1+ 39. Re1
Rxe1+ 40. Kxe1 Bb6 41. Ng5 Rxh2 42. Rb3 h5 43. Ra3 h4 44. Ra8+ Kg7 45. gxh4
Rxh4 46. Ke2 Kf6 0-1

[Event "Kandidatklassen"]
[Site "Ringsted"]
[Date "1995.04.15"]
[Round "5"]
[White "Christensen, Tobias"]
[Black "Johansen, Morten"]
[Result "1/2-1/2"]
[WhiteElo "2363"]
[BlackElo "2185"]
[PlyCount "49"]
[EventDate "1995.??.??"]
[EventType "swiss"]
[EventRounds "7"]
[EventCountry "DEN"]

1. c4 Nf6 2. Nc3 c6 3. e4 e5 4. d4 d6 5. f3 Nbd7 6. Be3 Be7 7. d5 c5 8. Bd3 a6
9. Nge2 O-O 10. Qd2 Ne8 11. g4 Kh8 12. Ng3 Ndf6 13. O-O-O Nc7 14. g5 Ng8 15.
Nf5 b5 16. f4 bxc4 17. Bxc4 Bxf5 18. exf5 f6 19. fxe5 fxe5 20. Bd3 Nb5 21. Nxb5
axb5 22. Bb1 Ra4 23. b3 Rh4 24. Rhg1 Qa8 25. Qf2 1/2-1/2

[Event "Kandidatklassen"]
[Site "Ringsted"]
[Date "1995.04.15"]
[Round "5"]
[White "Hansen, Lars"]
[Black "Christensen, Bent"]
[Result "1-0"]
[WhiteElo "2217"]
[BlackElo "2193"]
[PlyCount "61"]
[EventDate "1995.??.??"]
[EventType "swiss"]
[EventRounds "7"]
[EventCountry "DEN"]

1. e4 e5 2. a3 Nf6 3. d3 d5 4. exd5 Nxd5 5. g3 Be7 6. Bg2 O-O 7. Nf3 Nc6 8. O-O
Re8 9. Re1 Bf8 10. b4 a6 11. Bb2 f6 12. c4 Nb6 13. b5 axb5 14. cxb5 Ne7 15. d4
exd4 16. Nxd4 Ned5 17. Rxe8 Qxe8 18. a4 c6 19. bxc6 bxc6 20. a5 Nc4 21. Nxc6
Nde3 22. Qe2 Bg4 23. Bf3 Nxb2 24. fxe3 Bxf3 25. Qxf3 Rc8 26. a6 Rxc6 27. a7
Rc1+ 28. Kg2 Rc2+ 29. Kh3 Qc8+ 30. g4 Qc7 31. Qf4 1-0

[Event "Kandidatklassen"]
[Site "Ringsted"]
[Date "1995.04.15"]
[Round "5"]
[White "Hartvig, Ove Weiss"]
[Black "Andreasen, Per Naesby"]
[Result "1/2-1/2"]
[WhiteElo "2205"]
[BlackElo "2319"]
[PlyCount "32"]
[EventDate "1995.??.??"]
[EventType "swiss"]
[EventRounds "7"]
[EventCountry "DEN"]

1. Nf3 g6 2. e4 Bg7 3. d4 d6 4. Nc3 Nf6 5. g3 O-O 6. Bg2 Nc6 7. O-O e5 8. h3
exd4 9. Nxd4 Nxe4 10. Nxc6 Nxc3 11. Nxd8 Nxd1 12. Nxb7 Bxb7 13. Bxb7 Rab8 14.
Rxd1 Rxb7 15. Rb1 Re8 16. Kf1 h5 1/2-1/2

[Event "Kandidatklassen"]
[Site "Ringsted"]
[Date "1995.04.15"]
[Round "5"]
[White "Hvenekilde, Jorgen"]
[Black "Jorgensen, Michael"]
[Result "0-1"]
[WhiteElo "2329"]
[BlackElo "2243"]
[PlyCount "100"]
[EventDate "1995.??.??"]
[EventType "swiss"]
[EventRounds "7"]
[EventCountry "DEN"]

1. d4 f5 2. g4 fxg4 3. Nc3 Nf6 4. Bg2 d6 5. e4 Nc6 6. Nge2 e5 7. d5 Ne7 8. h3
gxh3 9. Bxh3 Bxh3 10. Rxh3 Qd7 11. Qd3 O-O-O 12. Bg5 Ng6 13. O-O-O Be7 14. Rg1
Rdf8 15. Qg3 Nxd5 16. Nxd5 Bxg5+ 17. Kb1 Bd8 18. Qa3 Kb8 19. Rb3 c6 20. Qa4 Rf7
21. Nb4 Bb6 22. Nd3 Nf8 23. Rd1 Qc7 24. Qc4 Re7 25. f4 Nd7 26. fxe5 Nxe5 27.
Nxe5 Rxe5 28. Rf3 Rhe8 29. Nc3 Ba5 30. b4 Bb6 31. a3 R5e7 32. Qf1 h6 33. Rfd3
Re6 34. Rf3 R6e7 35. Qd3 Re6 36. Rdf1 a6 37. Rf4 Ka7 38. Na4 d5 39. exd5 Re1+
40. Ka2 cxd5 41. Nxb6 Qxb6 42. Qxd5 Rxf1 43. Rxf1 Qe6 44. Qxe6 Rxe6 45. Rf7 Rg6
46. Kb3 h5 47. Kc4 h4 48. a4 h3 49. Rf1 h2 50. Rh1 Rg2 0-1

[Event "Kandidatklassen"]
[Site "Ringsted"]
[Date "1995.04.15"]
[Round "5"]
[White "Jacobsen, Bo"]
[Black "Hoiberg, Nina"]
[Result "1-0"]
[WhiteElo "2302"]
[BlackElo "2256"]
[PlyCount "72"]
[EventDate "1995.??.??"]
[EventType "swiss"]
[EventRounds "7"]
[EventCountry "DEN"]

1. c4 e5 2. g3 Nc6 3. Bg2 g6 4. Nc3 Bg7 5. Rb1 a5 6. a3 d6 7. b4 axb4 8. axb4
f5 9. e3 Nf6 10. b5 Ne7 11. Nge2 O-O 12. O-O Be6 13. d3 d5 14. cxd5 Nexd5 15.
Bd2 Qd7 16. Qc2 Rfd8 17. Rfd1 Nxc3 18. Bxc3 Nd5 19. Be1 Ra3 20. Nc3 Qf7 21. Qc1
Bf8 22. e4 Nxc3 23. Bxc3 Ra2 24. Rb2 Ba3 25. Bxe5 fxe4 26. Bxe4 Bxb2 27. Bxb2
Bd5 28. Rf1 Bxe4 29. dxe4 Rd3 30. Bf6 Rdd2 31. e5 Rac2 32. Qa3 Ra2 33. Qf3 Qd7
34. Qxb7 Rac2 35. Qa8+ Kf7 36. Qf3 Qe8 1-0

[Event "Kandidatklassen"]
[Site "Ringsted"]
[Date "1995.04.15"]
[Round "5"]
[White "Jakobsen, Lars Veno"]
[Black "Andersen, Torben Bodskov"]
[Result "1-0"]
[WhiteElo "2232"]
[BlackElo "2130"]
[PlyCount "69"]
[EventDate "1995.??.??"]
[EventType "swiss"]
[EventRounds "7"]
[EventCountry "DEN"]

1. d4 d5 2. c4 e6 3. Nc3 Nf6 4. cxd5 exd5 5. Bg5 Be7 6. e3 c6 7. Qc2 h6 8. Bh4
O-O 9. Bd3 Nbd7 10. Nf3 Re8 11. h3 Ne4 12. Bxe7 Qxe7 13. O-O g6 14. Rfb1 a5 15.
a3 Kg7 16. Na4 Qd6 17. Bxe4 Rxe4 18. Rc1 f6 19. Qc3 b5 20. Nc5 Nxc5 21. Qxc5
Qxc5 22. Rxc5 Bd7 23. a4 b4 24. Nd2 Re7 25. Nb3 Be8 26. Rxa5 Rxa5 27. Nxa5 f5
28. Nb3 Ra7 29. Nc5 Bd7 30. Rd1 Bc8 31. Rd3 Ra8 32. Rb3 Rb8 33. Nd3 Ba6 34.
Rxb4 Ra8 35. Nc5 1-0

[Event "Kandidatklassen"]
[Site "Ringsted"]
[Date "1995.04.15"]
[Round "5"]
[White "Molvig, Henrik"]
[Black "Jensen, Allan Astrup"]
[Result "1-0"]
[WhiteElo "2244"]
[BlackElo "2055"]
[PlyCount "65"]
[EventDate "1995.??.??"]
[EventType "swiss"]
[EventRounds "7"]
[EventCountry "DEN"]

1. d4 Nf6 2. c4 g6 3. Nc3 Bg7 4. e4 d6 5. Nf3 O-O 6. Be2 e5 7. O-O Nc6 8. d5
Ne7 9. Ne1 Nd7 10. Be3 f5 11. f3 Nf6 12. c5 f4 13. Bf2 g5 14. Rc1 a6 15. a4 h5
16. a5 g4 17. cxd6 cxd6 18. Na4 h4 19. Nb6 g3 20. Nxa8 gxf2+ 21. Rxf2 Qxa5 22.
Qb3 b5 23. Qc3 Qd8 24. Qc7 Qe8 25. Qxd6 Nh5 26. Nc7 Qf7 27. Ne6 Bxe6 28. dxe6
Qf6 29. Rc7 Ng6 30. Bd1 Rd8 31. Rd7 Rxd7 32. Qxd7 Nf8 33. Qe8 1-0

[Event "Kandidatklassen"]
[Site "Ringsted"]
[Date "1995.04.15"]
[Round "5"]
[White "Nielsen, Carsten"]
[Black "Boe, Mads"]
[Result "1-0"]
[WhiteElo "2181"]
[BlackElo "2358"]
[PlyCount "69"]
[EventDate "1995.??.??"]
[EventType "swiss"]
[EventRounds "7"]
[EventCountry "DEN"]

1. c4 e6 2. Nf3 f5 3. d4 Nf6 4. Nc3 d5 5. e3 c6 6. Be2 Bd6 7. O-O O-O 8. a3 b6
9. b4 Bb7 10. Bb2 Nbd7 11. Qc2 Qe7 12. b5 cxb5 13. cxd5 Nxd5 14. Nxb5 Rfc8 15.
Qb3 Bb8 16. Rfc1 Rxc1+ 17. Rxc1 a6 18. Nc3 Bd6 19. Nxd5 exd5 20. Bd3 g6 21. a4
Rf8 22. Ne5 Nxe5 23. dxe5 Bc5 24. e6 h6 25. a5 Kh7 26. axb6 Rc8 27. Bd4 Bxd4
28. Rxc8 Bxb6 29. Rc1 Bc7 30. g3 Bd6 31. Qb6 Kg7 32. Bxa6 Bxa6 33. Qxa6 Kf6 34.
Qb5 Qxe6 35. Rd1 1-0

[Event "Kandidatklassen"]
[Site "Ringsted"]
[Date "1995.04.15"]
[Round "5"]
[White "Nielsen, Uffe V"]
[Black "Greger, Roland Reinhard"]
[Result "1-0"]
[WhiteElo "2323"]
[BlackElo "2290"]
[PlyCount "61"]
[EventDate "1995.??.??"]
[EventType "swiss"]
[EventRounds "7"]
[EventCountry "DEN"]

1. e4 e6 2. d4 d5 3. Nc3 Bb4 4. e5 c5 5. Qg4 Ne7 6. dxc5 Nbc6 7. Bd2 Ng6 8. Nf3
Bxc5 9. O-O-O Bd7 10. h4 h5 11. Qg3 Nce7 12. Bd3 Qb6 13. Rhf1 O-O-O 14. Ng5
Rdf8 15. f4 f5 16. Ne2 Kb8 17. Kb1 Rhg8 18. Nc1 Ba4 19. Qe1 Bd4 20. Nb3 Bxb3
21. axb3 Qc6 22. Bb4 Qd7 23. Bd6+ Ka8 24. Be2 Be3 25. g3 d4 26. Bc4 Nd5 27.
Bxd5 exd5 28. Bxf8 Nxf8 29. c3 Qb5 30. cxd4 Qxb3 31. Rf3 1-0

[Event "Kandidatklassen"]
[Site "Ringsted"]
[Date "1995.04.15"]
[Round "5"]
[White "Pedersen, Daniel Vesterbaek"]
[Black "Nielsen, Max"]
[Result "1-0"]
[WhiteElo "2130"]
[BlackElo "2143"]
[PlyCount "67"]
[EventDate "1995.??.??"]
[EventType "swiss"]
[EventRounds "7"]
[EventCountry "DEN"]

1. e4 c5 2. c3 Nf6 3. e5 Nd5 4. d4 cxd4 5. Nf3 e6 6. cxd4 b6 7. Bd3 Bb4+ 8. Bd2
Bxd2+ 9. Qxd2 Ba6 10. O-O O-O 11. Re1 Bxd3 12. Qxd3 Nc6 13. Nbd2 d6 14. a3 dxe5
15. dxe5 Nde7 16. Qe2 Nd4 17. Nxd4 Qxd4 18. Nc4 Ng6 19. Rad1 Qc5 20. Nd6 Qc6
21. Rc1 Qd7 22. Red1 Qe7 23. g3 Qg5 24. Re1 Rfd8 25. f4 Qe7 26. Rc6 Rf8 27. Qc4
Qd8 28. Rc7 Ne7 29. Rb7 Nc8 30. Rd1 Nxd6 31. Rxd6 Rc8 32. Rxd8 Rxc4 33. Rbb8
Rc1+ 34. Kg2 1-0

[Event "Kandidatklassen"]
[Site "Ringsted"]
[Date "1995.04.15"]
[Round "5"]
[White "Samaritani, Fabio"]
[Black "Rewitz, Poul"]
[Result "0-1"]
[WhiteElo "2192"]
[BlackElo "2358"]
[PlyCount "70"]
[EventDate "1995.??.??"]
[EventType "swiss"]
[EventRounds "7"]
[EventCountry "DEN"]

1. e4 c6 2. d4 d5 3. Nd2 g6 4. h3 Bg7 5. Ngf3 Nh6 6. Bd3 f6 7. O-O Nf7 8. Re1
O-O 9. c3 e5 10. dxe5 fxe5 11. b3 Na6 12. Ba3 Re8 13. Qc2 Qa5 14. Bb2 Qb6 15.
b4 Nc7 16. Nb3 Ne6 17. Bc1 Bd7 18. Be3 Qc7 19. Rad1 Rad8 20. a4 b6 21. a5 b5
22. Nh2 Nd6 23. f3 Nc4 24. Bxc4 bxc4 25. Nc5 d4 26. cxd4 exd4 27. Qxc4 dxe3 28.
Rxd7 Rxd7 29. Nxe6 Qg3 30. Rxe3 Bh6 31. Re2 Rf7 32. Ng4 Bd2 33. e5 Kh8 34. Ng5
Bxg5 35. Qxf7 Rd8 0-1

[Event "Kandidatklassen"]
[Site "Ringsted"]
[Date "1995.04.16"]
[Round "6"]
[White "Boe, Mads"]
[Black "Samaritani, Fabio"]
[Result "1-0"]
[WhiteElo "2358"]
[BlackElo "2192"]
[PlyCount "69"]
[EventDate "1995.??.??"]
[EventType "swiss"]
[EventRounds "7"]
[EventCountry "DEN"]

1. e4 c5 2. c3 Nf6 3. e5 Nd5 4. d4 cxd4 5. cxd4 e6 6. Nf3 b6 7. Bd3 Bb4+ 8. Bd2
Bxd2+ 9. Nbxd2 Nf4 10. Bf1 O-O 11. g3 Nd5 12. Be2 f5 13. Nc4 Nc6 14. Qd2 Ba6
15. O-O f4 16. Rac1 Qe7 17. a3 g5 18. b4 Qg7 19. Rc2 Kh8 20. Qd3 Rg8 21. Qe4
Raf8 22. Bd3 Qh6 23. Nd6 fxg3 24. Bxa6 Rxf3 25. fxg3 Rxf1+ 26. Bxf1 Rf8 27. Bc4
Nce7 28. Bxd5 Nxd5 29. Rc8 Kg8 30. Qf3 Qg7 31. Qf2 h6 32. Qc2 Rxc8 33. Qxc8+
Kh7 34. Qe8 g4 35. Ne4 1-0

[Event "Kandidatklassen"]
[Site "Ringsted"]
[Date "1995.04.16"]
[Round "6"]
[White "Hansen, Lars"]
[Black "Bank, Pelle Rodkjaer"]
[Result "1-0"]
[WhiteElo "2217"]
[BlackElo "2315"]
[PlyCount "88"]
[EventDate "1995.??.??"]
[EventType "swiss"]
[EventRounds "7"]
[EventCountry "DEN"]

1. d4 d5 2. Nf3 Nc6 3. e3 Bg4 4. Nbd2 e6 5. c3 Bd6 6. Qa4 Nge7 7. c4 dxc4 8.
Bxc4 O-O 9. O-O a6 10. Bd3 b5 11. Qd1 h6 12. a4 Nb4 13. Be4 Rc8 14. axb5 axb5
15. Nb3 c5 16. dxc5 Bxc5 17. Nxc5 Rxc5 18. Bd2 Rc4 19. Ra8 Nc8 20. Bxb4 Rxb4
21. Qxd8 Rxd8 22. Bb7 Bxf3 23. gxf3 Rc4 24. Rfa1 Rf8 25. Rd1 Rc2 26. Be4 Rc7
27. Rb8 f5 28. Bb1 Na7 29. Rb6 Rc6 30. Rb7 Nc8 31. Rdd7 Rf6 32. Rxg7+ Kf8 33.
Ba2 Nd6 34. Rbc7 Ra6 35. Ra7 Rxa7 36. Rxa7 Rf7 37. Ra6 Nc4 38. Bxc4 bxc4 39.
Rxe6 Rb7 40. Rxh6 Rxb2 41. Rc6 Rc2 42. Kf1 Ke7 43. h4 c3 44. h5 Rc1+ 1-0

[Event "Kandidatklassen"]
[Site "Ringsted"]
[Date "1995.04.16"]
[Round "6"]
[White "Hoiberg, Nina"]
[Black "Christensen, Tobias"]
[Result "1/2-1/2"]
[WhiteElo "2256"]
[BlackElo "2363"]
[PlyCount "118"]
[EventDate "1995.??.??"]
[EventType "swiss"]
[EventRounds "7"]
[EventCountry "DEN"]

1. e4 c5 2. Nf3 Nc6 3. d4 cxd4 4. Nxd4 e5 5. Nb5 d6 6. Nd2 Nf6 7. Bd3 a6 8. Nc3
Bg4 9. f3 Be6 10. Nc4 d5 11. exd5 Nxd5 12. Nxd5 Qxd5 13. Be3 Rd8 14. Qe2 Nb4
15. O-O-O Nxd3+ 16. Qxd3 Qxd3 17. cxd3 b5 18. Nxe5 f6 19. Ng4 Bxa2 20. Kd2 Bb4+
21. Ke2 Rc8 22. Rc1 Kd7 23. Rxc8 Rxc8 24. Rc1 Be6 25. Rxc8 Kxc8 26. Nf2 Bd6 27.
Ne4 Be5 28. Nc5 Bd5 29. d4 Bxh2 30. Kf2 Bd6 31. Nxa6 b4 32. Nc5 Kc7 33. Bd2 b3
34. Ne4 Be7 35. Nc3 Bc4 36. g4 Kc6 37. f4 Bd5 38. Kg3 Bd6 39. Kf2 Be7 40. Kg3
Bd6 41. Kf2 Bf8 42. Kg3 Be6 43. Kf3 f5 44. g5 Bf7 45. Be1 Kb6 46. Ke3 Be7 47.
Bh4 Bd6 48. Be1 Kc6 49. Kf3 Bc4 50. Ke3 Kd7 51. Nb1 Ke6 52. Nd2 Bd5 53. Bg3 Kf7
54. Kd3 Kg6 55. Nf1 Kf7 56. Kc3 Bc7 57. Kb4 Bd6+ 58. Kc3 Bc7 59. Kb4 Bd6+
1/2-1/2

[Event "Kandidatklassen"]
[Site "Ringsted"]
[Date "1995.04.16"]
[Round "6"]
[White "Hvenekilde, Jorgen"]
[Black "Christensen, Bent"]
[Result "1/2-1/2"]
[WhiteElo "2329"]
[BlackElo "2193"]
[PlyCount "23"]
[EventDate "1995.??.??"]
[EventType "swiss"]
[EventRounds "7"]
[EventCountry "DEN"]

1. e4 e5 2. Nf3 Nc6 3. Bc4 Bc5 4. O-O Nf6 5. d3 d6 6. c3 O-O 7. a4 a6 8. h3 Be6
9. Nbd2 Ba7 10. a5 Qd7 11. Bxe6 Qxe6 12. Re1 1/2-1/2

[Event "Kandidatklassen"]
[Site "Ringsted"]
[Date "1995.04.16"]
[Round "6"]
[White "Jacobsen, Bo"]
[Black "Hartvig, Ove Weiss"]
[Result "0-1"]
[WhiteElo "2302"]
[BlackElo "2205"]
[PlyCount "54"]
[EventDate "1995.??.??"]
[EventType "swiss"]
[EventRounds "7"]
[EventCountry "DEN"]

1. c4 e5 2. g3 Nc6 3. Bg2 g6 4. Nc3 Bg7 5. Rb1 a5 6. a3 f5 7. b4 axb4 8. axb4
Nf6 9. e3 e4 10. d3 Qe7 11. dxe4 Nxe4 12. Nxe4 fxe4 13. c5 Nxb4 14. Rxb4 Bc3+
15. Bd2 Qxc5 16. Rxe4+ Kd8 17. Nf3 Ra1 18. Qxa1 Bxa1 19. O-O Bf6 20. Ra4 d6 21.
Rc1 Qb5 22. Ra8 c6 23. e4 Ke7 24. e5 dxe5 25. Re1 Kf7 26. Nxe5+ Bxe5 27. Ra5
Qd3 0-1

[Event "Kandidatklassen"]
[Site "Ringsted"]
[Date "1995.04.16"]
[Round "6"]
[White "Jakobsen, Lars Veno"]
[Black "Christensen, Lasse"]
[Result "1-0"]
[WhiteElo "2232"]
[BlackElo "2251"]
[PlyCount "80"]
[EventDate "1995.??.??"]
[EventType "swiss"]
[EventRounds "7"]
[EventCountry "DEN"]

1. d4 f5 2. g3 Nf6 3. Bg2 e6 4. Nf3 d5 5. O-O Bd6 6. c4 b6 7. Qc2 O-O 8. Bf4
Bxf4 9. gxf4 Na6 10. Ne5 Ne4 11. Nc3 Bb7 12. Rac1 Qh4 13. e3 Rad8 14. Nb5 c5
15. a3 Rf6 16. Nxa7 Rh6 17. h3 cxd4 18. Nf3 Qh5 19. Nxd4 dxc4 20. f3 Rg6 21.
Rfd1 Re8 22. Qe2 Qxh3 23. Nac6 Ng3 24. Qd2 Qh4 25. Ne5 Rh6 26. Ne2 Nh1 27. Qe1
Qh2+ 28. Kf1 Nc5 29. Bxh1 Qxh1+ 30. Ng1 Nd3 31. Nxd3 Rg6 32. Qf2 cxd3 33. Rc7
Bxf3 34. Rxd3 Be4 35. Rd2 Rg2 36. Qxg2 Bxg2+ 37. Rxg2 g6 38. Rd2 Qh5 39. Rdd7
Rf8 40. Rb7 Rc8 1-0